00213nam a2200073Ia 4500008004100000050002000041100002000061245005800081230915s9999 xx 000 0 und d aQA276.B73 1997  aCHARLES H.BRASE 0aUNDERSTANDING BASIC STATISTICS: CONCEPTS AND METHODS